000 00427nam a2200181Ia 4500
001 1707
005 20260306143748.0
008 260306t1997||||xx |||||||||||||| ||spa||
041 _aESP
082 _a155.2
_bC26
100 _aCarver, Charles S.
_eAUT
245 0 _aTeorías de la personalidad
260 _c1997
300 _axxiii, 631 páginas :
_c26 cm.
650 _aGEN
654 _aCPS
942 _cLIB
_dJUS
_fJUS
_2ddc
_n
999 _c1707
_d1707